00909nam a2200181 a 450000100100000000500170001000800410002704000250006808200120009324500760010526000660018130000320024750502420027960000520052165000670057365000570064070000300069700002915020240409073642.0110413t1960 dr ac 000 0dspa d aDO-SdBNPbspacBNPHU aF-RD 2601aTrujillo protector de la iglesia dominicana /cZenón Castillo de Aza. a[Ciudad Trujillo, República Dominicana] :bHandicap,c1960. a23 p. :bil., retrs. ;c22.0 aDiscursos pronunciados el 18 de diciembre de 1960 por los párrocos de Julia Molina y Castillo y por el Reverendo Zenón Castillo de Aza en la inauguración de las iglesias, casas curiales y salones parroquiales de dichas poblaciones.10aTrujillo Molina, Rafael Leónidas,d 1891-1961 4aIglesia católicazRepública DominicanaxHistoriaySIGLO XX 4aIglesia y estado en república dominicanaxSiglo xx12aCastillo de Azua, Zenón